Normal view
MARC view
Entry Topical Term
001 - CONTROL NUMBER
- control field: 9492
003 - CONTROL NUMBER IDENTIFIER
- control field: BD-RjUL
005 - DATE AND TIME OF LATEST TRANSACTION
- control field: 20231011155026.0
008 - FIXED-LENGTH DATA ELEMENTS
- fixed length control field: 231011|| aca||aabn | a|a d
040 ## - CATALOGING SOURCE
- Original cataloging agency: BD-RjUL
- Transcribing agency: BD-RjUL
150 ## - HEADING--TOPICAL TERM
- Topical term or geographic name entry element: Strawberries
- General subdivision: Variation
670 ## - SOURCE DATA FOUND
- Source citation: Work cat.: (BD-RjUL)82094: ROY, UTHPAL KRISHNA 9491, SCREENING AND EVALUATION OF AGRONOMICALLY USEFUL SOMACLONAL VARIATION IN STRAWBERRY :, 2011